[Event "OLNO 2223 SK König Tegel II - Greifswa"]
[Site "?"]
[Date "2022.12.11"]
[Round "3.7"]
[White "Patzenhauer, Max"]
[Black "Kachibadze, Georg"]
[Result "1/2-1/2"]
[WhiteElo "1998"]
[BlackElo "2268"]
[PlyCount "27"]
[EventDate "2022.??.??"]

1. d4 d5 2. Nf3 e6 3. e3 Nd7 4. Bd3 c5 5. b3 Ngf6 6. Nbd2 Be7 7. O-O b6 8. Ne5 Nxe5 9. dxe5 Nd7 10. f4 f5 11. exf6 Nxf6 12. Bb2 O-O 13. Qf3 g6 14. Rad1 1/2-1/2

[Event "OLNO 2223 SK König Tegel II - Greifswa"]
[Site "?"]
[Date "2022.12.11"]
[Round "3.8"]
[White "Jahnz, Laurin"]
[Black "Sowada, Christoph"]
[Result "1/2-1/2"]
[WhiteElo "1754"]
[BlackElo "1943"]
[PlyCount "32"]
[EventDate "2022.??.??"]

1. e4 c5 2. Nf3 d6 3. Bb5+ Bd7 4. Bxd7+ Qxd7 5. O-O Nc6 6. Qe2 Nf6 7. Rd1 e6 8. d4 cxd4 9. Nxd4 Be7 10. c4 O-O 11. Nc3 a6 12. b3 Rac8 13. Bb2 Rfd8 14. Rac1 Qc7 15. h3 Re8 16. Nxc6 Qxc6 1/2-1/2

[Event "OLNO 2223 SC Weisse Dame - TSG OberschÃ"]
[Site "?"]
[Date "2023.01.15"]
[Round "4.1"]
[White "Rosenthal, Dirk"]
[Black "Waldmann, Hans-Joachim"]
[Result "1-0"]
[WhiteElo "2376"]
[BlackElo "2289"]
[PlyCount "63"]
[EventDate "2023.??.??"]

1. e4 c5 2. c3 Qa5 3. Nf3 d6 4. Bc4 Nf6 5. Qe2 Nc6 6. e5 dxe5 7. Nxe5 Nxe5 8. Qxe5 e6 9. O-O Be7 10. b4 Qb6 11. bxc5 Qxc5 12. Bb5+ Bd7 13. Bxd7+ Kxd7 14. Qe2 Rhd8 15. d4 Qh5 16. Qb2 b6 17. Na3 Ke8 18. Nb5 Kf8 19. Bf4 Nd5 20. Bg3 Rdc8 21. Rfc1 a6 22. Nd6 Rc6 23. c4 Nf6 24. c5 Nd5 25. Nc4 bxc5 26. Qb7 Rcc8 27. dxc5 Qg5 28. h4 Qh6 29. Rc2 Qf6 30. Rac1 Bxc5 31. Ne5 Bxf2+ 32. Bxf2 1-0

[Event "OLNO 2223 SC Weisse Dame - TSG OberschÃ"]
[Site "?"]
[Date "2023.01.15"]
[Round "4.2"]
[White "Kyritz, Michael"]
[Black "Schoewel, Matthias"]
[Result "1/2-1/2"]
[WhiteElo "2192"]
[BlackElo "2226"]
[PlyCount "57"]
[EventDate "2023.??.??"]

1. b3 e5 2. Bb2 d6 3. c4 Nf6 4. g3 Nc6 5. Bg2 Be7 6. Nc3 O-O 7. d3 h6 8. e3 Re8 9. Nge2 Be6 10. Nd5 Qd7 11. O-O Bh3 12. Nec3 Bd8 13. Nxf6+ Bxf6 14. Nd5 Bd8 15. f4 Bxg2 16. Kxg2 exf4 17. exf4 Ne7 18. Nxe7+ Bxe7 19. Qf3 c6 20. Rae1 d5 21. cxd5 cxd5 22. Bd4 b6 23. Re5 Red8 24. Re2 Rac8 25. f5 Rc6 26. Rfe1 Bb4 27. Rf1 Be7 28. Rfe1 Bb4 29. Rf1 1/2-1/2

[Event "OLNO 2223 SC Weisse Dame - TSG OberschÃ"]
[Site "?"]
[Date "2023.01.15"]
[Round "4.3"]
[White "Horn, Sven"]
[Black "Gelman, Josef"]
[Result "0-1"]
[WhiteElo "2110"]
[BlackElo "2085"]
[PlyCount "48"]
[EventDate "2023.??.??"]

1. e4 e6 2. d4 c5 3. Nf3 cxd4 4. Nxd4 Nc6 5. Nc3 Nf6 6. g3 Be7 7. Bg2 O-O 8. O-O d5 9. Nxc6 bxc6 10. e5 Nd7 11. Re1 Ba6 12. Qg4 Kh8 13. Kh1 Qb6 14. Nd1 Qa5 15. Nc3 Bc5 16. f4 d4 17. Rd1 dxc3 18. Rxd7 Rad8 19. Rxd8 Rxd8 20. b3 Qb4 21. h4 Qd4 22. Kh2 Qg1+ 23. Kh3 Bf1 24. Qf3 Qh1+ 0-1

[Event "OLNO 2223 SC Weisse Dame - TSG OberschÃ"]
[Site "?"]
[Date "2023.01.15"]
[Round "4.4"]
[White "Hoegy, Kevin"]
[Black "Raitza, Olaf"]
[Result "1/2-1/2"]
[WhiteElo "2239"]
[BlackElo "2150"]
[PlyCount "116"]
[EventDate "2023.??.??"]

1. Nf3 Nf6 2. c4 e6 3. e3 c5 4. Nc3 d5 5. cxd5 exd5 6. Bb5+ Bd7 7. Bxd7+ Nbxd7 8. O-O Qb6 9. b3 Rc8 10. Re1 Be7 11. d4 O-O 12. Na4 Qe6 13. dxc5 Nxc5 14. Nxc5 Bxc5 15. Bb2 Bb4 16. Re2 Ne4 17. Rc1 Bc3 18. Rec2 Bxb2 19. Rxb2 Nc3 20. Qe1 Ne4 21. Rbc2 Rxc2 22. Rxc2 Rc8 23. Qc1 Rxc2 24. Qxc2 Qc6 25. Qxc6 bxc6 26. Ne5 c5 27. Kf1 Nc3 28. a4 f6 29. Nc6 c4 30. bxc4 dxc4 31. a5 Nb5 32. Nd4 Nd6 33. Ke2 Nb7 34. Nc6 Kf7 35. Kd2 Ke6 36. a6 Nc5 37. Kc3 Nxa6 38. Kxc4 Nc7 39. Nxa7 f5 40. Nb5 Ne8 41. Nd4+ Ke5 42. Nf3+ Kf6 43. Ne1 Nd6+ 44. Kd5 Ne4 45. f3 Nd2 46. e4 fxe4 47. fxe4 Nf1 48. Nf3 Ne3+ 49. Kd6 Nc4+ 50. Kd7 g5 51. h3 h5 52. Kc6 g4 53. hxg4 hxg4 54. Nh2 Ne3 55. Kd6 Nc4+ 56. Kd5 Ne3+ 57. Kd6 Nc4+ 58. Kd5 Ne3+ 1/2-1/2

[Event "OLNO 2223 SC Weisse Dame - TSG OberschÃ"]
[Site "?"]
[Date "2023.01.15"]
[Round "4.5"]
[White "Hommel, Niclas"]
[Black "Uhl, Heinz"]
[Result "1/2-1/2"]
[WhiteElo "2008"]
[BlackElo "2139"]
[PlyCount "60"]
[EventDate "2023.??.??"]

1. e4 c5 2. Nf3 d6 3. d4 cxd4 4. Nxd4 Nf6 5. Nc3 g6 6. Be3 Bg7 7. f3 O-O 8. Qd2 Nc6 9. g4 Nxd4 10. Bxd4 Qa5 11. h4 h5 12. g5 Nd7 13. Bxg7 Kxg7 14. f4 Nb6 15. a3 Qc5 16. O-O-O Bg4 17. Be2 Nc4 18. b4 Nxd2 19. bxc5 Nxe4 20. Nxe4 Bxe2 21. Rd2 Bf3 22. Re1 Rfd8 23. cxd6 Bxe4 24. Rxe4 exd6 25. Re7 b5 26. Rf2 Re8 27. Rb7 Reb8 28. Rd7 Rd8 29. Rb7 Rdb8 30. Rd7 Rd8 1/2-1/2

[Event "OLNO 2223 SC Weisse Dame - TSG OberschÃ"]
[Site "?"]
[Date "2023.01.15"]
[Round "4.6"]
[White "Abraham, Ingo"]
[Black "Meyer-Dunker, Paul"]
[Result "0-1"]
[WhiteElo "2201"]
[BlackElo "2103"]
[PlyCount "84"]
[EventDate "2023.??.??"]

1. c4 e5 2. Nc3 Nf6 3. Nf3 Nc6 4. e3 b6 5. a3 Bb7 6. d4 exd4 7. exd4 d5 8. Qa4 Qe7+ 9. Be3 O-O-O 10. cxd5 Nxd5 11. Nxd5 Rxd5 12. Ba6 Bxa6 13. Qxa6+ Kb8 14. O-O Qd7 15. Rac1 g5 16. b4 g4 17. Ne5 Nxe5 18. dxe5 Bg7 19. Bf4 Bxe5 20. Bxe5 Rxe5 21. Qc4 Rhe8 22. a4 a5 23. bxa5 Rxa5 24. Rfd1 Rc5 25. Qxc5 Qxd1+ 26. Rxd1 bxc5 27. f3 gxf3 28. gxf3 Re2 29. Rd5 c4 30. Rc5 Rc2 31. h4 c3 32. Kf1 Kb7 33. a5 Ra2 34. Rxc3 Rxa5 35. Ke2 Ra4 36. Re3 Rxh4 37. Re7 Rf4 38. Ke3 Rf6 39. Ke4 Re6+ 40. Rxe6 fxe6 41. Ke5 h5 42. Kxe6 h4 0-1

[Event "OLNO 2223 SC Weisse Dame - TSG OberschÃ"]
[Site "?"]
[Date "2023.01.15"]
[Round "4.7"]
[White "Jauk, Wilhelm"]
[Black "Gross, Thorsten"]
[Result "1-0"]
[WhiteElo "2139"]
[BlackElo "2137"]
[PlyCount "109"]
[EventDate "2023.??.??"]

1. c4 Nf6 2. Nc3 c5 3. e4 Nc6 4. g3 g6 5. Bg2 Bg7 6. Nge2 O-O 7. O-O d6 8. d3 a6 9. h3 Bd7 10. Be3 Rb8 11. Rc1 b5 12. b3 Ne8 13. Qd2 Nd4 14. f4 f5 15. exf5 gxf5 16. Kh2 Nc7 17. Bxd4 cxd4 18. Nb1 e6 19. Qa5 Rf7 20. Nd2 bxc4 21. bxc4 Re7 22. Rb1 Be8 23. Rxb8 Qxb8 24. Rb1 Qc8 25. Qb6 e5 26. Qxd6 Re6 27. Qc5 Bf8 28. Qa7 Qd8 29. fxe5 Rxe5 30. Qxd4 Qxd4 31. Nxd4 Re3 32. Bf1 Bg6 33. Nc2 Re8 34. Nf3 Bd6 35. Kg2 Kg7 36. Rb7 Rc8 37. Ne3 Kf6 38. d4 f4 39. Ng4+ Ke6 40. Rb6 fxg3 41. c5 Ne8 42. cxd6 Nxd6 43. Nge5 Kd5 44. Nxg6 hxg6 45. Bd3 Rc3 46. Rb3 Rc6 47. Bxg6 Nb5 48. Bd3 Nxd4 49. Nxd4 Kxd4 50. Kxg3 a5 51. Bb5 Rg6+ 52. Kf4 Rf6+ 53. Kg5 Rf2 54. a4 Rg2+ 55. Kf4 1-0

[Event "OLNO 2223 SC Weisse Dame - TSG OberschÃ"]
[Site "?"]
[Date "2023.01.15"]
[Round "4.8"]
[White "Kaiser, Martin"]
[Black "Boewer, Roland"]
[Result "1-0"]
[WhiteElo "2149"]
[BlackElo "2172"]
[PlyCount "73"]
[EventDate "2023.??.??"]

1. e4 c5 2. c3 d5 3. exd5 Qxd5 4. d4 Nf6 5. Nf3 e6 6. Bd3 Nc6 7. O-O Be7 8. c4 Qd8 9. dxc5 Bxc5 10. Nc3 O-O 11. Qe2 Nd4 12. Nxd4 Qxd4 13. Be3 Qd6 14. Bxc5 Qxc5 15. Ne4 Nxe4 16. Bxe4 f5 17. Bf3 Re8 18. Rad1 Qc7 19. Rd2 e5 20. Bd5+ Be6 21. Bxe6+ Rxe6 22. Rfd1 Re7 23. b4 Rae8 24. b5 e4 25. Rd5 Qc8 26. Qe3 Qe6 27. h4 Qf6 28. Qf4 g6 29. Rd6 Qc3 30. h5 e3 31. fxe3 Rxe3 32. hxg6 Re1+ 33. Rxe1 Qxe1+ 34. Kh2 Re4 35. gxh7+ Kxh7 36. Qh6+ Kg8 37. Rg6+ 1-0

[Event "OLNO 2223 SC Rotation Pankow - SV Empor"]
[Site "?"]
[Date "2023.01.15"]
[Round "4.1"]
[White "Volke, Karsten"]
[Black "Szelag, Marcin"]
[Result "1/2-1/2"]
[WhiteElo "2443"]
[BlackElo "2394"]
[PlyCount "53"]
[EventDate "2023.??.??"]

1. e4 c5 2. c3 e6 3. d4 d5 4. e5 Qb6 5. Nf3 Nc6 6. Bd3 cxd4 7. O-O Bd7 8. Re1 a6 9. Nbd2 Nh6 10. Nb3 dxc3 11. bxc3 Be7 12. Rb1 Nf5 13. Bf4 Qd8 14. Qe2 g5 15. Bd2 g4 16. Nfd4 Nfxd4 17. Nxd4 Qc7 18. Qxg4 O-O-O 19. Qh5 Bc5 20. Nf3 Rdg8 21. Be3 Bxe3 22. Rxe3 Rg7 23. h4 Rhg8 24. g3 f5 25. exf6 Be8 26. Qh6 Rxg3+ 27. Kf1 1/2-1/2

[Event "OLNO 2223 SC Rotation Pankow - SV Empor"]
[Site "?"]
[Date "2023.01.15"]
[Round "4.2"]
[White "Tomczak, Rafal"]
[Black "Thinius, Marco"]
[Result "1-0"]
[WhiteElo "2300"]
[BlackElo "2348"]
[PlyCount "71"]
[EventDate "2023.??.??"]

1. e4 c6 2. d4 d5 3. Nc3 dxe4 4. Nxe4 Bf5 5. Ng3 Bg6 6. f4 e6 7. Nf3 Nd7 8. h4 h5 9. Bd3 Bxd3 10. Qxd3 Qc7 11. Bd2 O-O-O 12. Qe2 Ndf6 13. O-O-O Nh6 14. Kb1 Bd6 15. Ne5 Nf5 16. Nxf5 exf5 17. Qc4 Rhf8 18. Qa4 Ne4 19. Qxa7 Bxe5 20. fxe5 Nf2 21. Bb4 Nxh1 22. Bxf8 Rxf8 23. Rxh1 Rd8 24. Re1 Qd7 25. Qa8+ Kc7 26. Qa5+ Kc8 27. c3 f4 28. e6 fxe6 29. Qxh5 Rf8 30. Re5 Rf6 31. a4 Kc7 32. Qg4 Qf7 33. h5 Qe7 34. Rg5 Rf7 35. Rg6 Kd6 36. c4 1-0

[Event "OLNO 2223 SC Rotation Pankow - SV Empor"]
[Site "?"]
[Date "2023.01.15"]
[Round "4.3"]
[White "Foerster, Jonas"]
[Black "Neumeier, Lars"]
[Result "1/2-1/2"]
[WhiteElo "2294"]
[BlackElo "2289"]
[PlyCount "71"]
[EventDate "2023.??.??"]

1. e4 c5 2. Nf3 d6 3. Bc4 e6 4. O-O Nf6 5. Re1 Be7 6. c3 O-O 7. Bf1 b6 8. d3 Bb7 9. Nbd2 Qc7 10. g3 Nc6 11. a3 Rad8 12. b4 Ne5 13. Bb2 Nxf3+ 14. Qxf3 d5 15. e5 Nd7 16. d4 f6 17. Qg4 f5 18. Qd1 a5 19. Qb3 Rf7 20. Rac1 c4 21. Qc2 g5 22. Rb1 Nf8 23. bxa5 bxa5 24. Bc1 Bc6 25. h3 Rb8 26. Be2 Rxb1 27. Qxb1 Rg7 28. Bd1 Nd7 29. Bc2 Qb6 30. Qa2 Qb8 31. a4 Qf8 32. Qb1 Qe8 33. Kg2 Qd8 34. Bb2 Nb6 35. Qa2 Qe8 36. Ra1 1/2-1/2

[Event "OLNO 2223 SC Rotation Pankow - SV Empor"]
[Site "?"]
[Date "2023.01.15"]
[Round "4.4"]
[White "Dauth, Benjamin"]
[Black "Urban, Julian"]
[Result "1-0"]
[WhiteElo "2234"]
[BlackElo "2236"]
[PlyCount "127"]
[EventDate "2023.??.??"]

1. e4 Nc6 2. Nf3 d6 3. d4 Nf6 4. Nc3 g6 5. Be2 Bg7 6. O-O O-O 7. h3 e5 8. dxe5 Nxe5 9. Nxe5 dxe5 10. Be3 Be6 11. Qxd8 Rfxd8 12. Rfd1 a6 13. f3 Bf8 14. a3 Nh5 15. Na4 Nf4 16. Bf1 Rd7 17. Nc5 Bxc5 18. Bxc5 Rad8 19. Rxd7 Rxd7 20. Be3 h5 21. g3 Nxh3+ 22. Kh2 Nf2 23. Bxf2 Rd2 24. Kg1 Rxc2 25. b4 Rc3 26. Be2 Rc2 27. Bd1 Rc3 28. Be1 Rd3 29. Kf2 g5 30. Bc2 Rd6 31. Rd1 Rc6 32. Bd3 f6 33. Bd2 h4 34. Ke3 hxg3 35. Rg1 b5 36. Rxg3 Rd6 37. Rg1 Kf7 38. Rc1 c6 39. Rg1 Rd8 40. Ke2 Rh8 41. Be3 Rd8 42. Bb6 Rh8 43. Ke3 Rh3 44. Bf1 Rh2 45. Be2 Rh3 46. Bc5 g4 47. Kf2 Kg6 48. Be3 Rh2+ 49. Ke1 Rh3 50. Bc1 f5 51. exf5+ Bxf5 52. fxg4 Be4 53. Kd2 Bd5 54. Bb2 e4 55. Ra1 Kg5 56. Bd4 Kf4 57. Rf1+ Kg5 58. Be3+ Kg6 59. g5 Kg7 60. Rf6 Kg8 61. Rh6 Rg3 62. Rh2 Kg7 63. Bh5 Kg8 64. Ke2 1-0

[Event "OLNO 2223 SC Rotation Pankow - SV Empor"]
[Site "?"]
[Date "2023.01.15"]
[Round "4.5"]
[White "Jahn, Thomas"]
[Black "Seils, Joerg"]
[Result "1/2-1/2"]
[WhiteElo "2139"]
[BlackElo "2324"]
[PlyCount "50"]
[EventDate "2023.??.??"]

1. e4 Nf6 2. e5 Nd5 3. d4 d6 4. Nf3 dxe5 5. Nxe5 Bf5 6. Qf3 e6 7. Bd3 Qf6 8. O-O Bg6 9. Qe2 c6 10. c4 Nf4 11. Bxf4 Qxf4 12. Re1 Bd6 13. g3 Qxd4 14. Bxg6 Bxe5 15. Bxf7+ Kxf7 16. Nd2 Nd7 17. Nf3 Qxb2 18. Ng5+ Ke7 19. Qg4 Rhf8 20. Qxe6+ Kd8 21. Rad1 Qxf2+ 22. Kh1 Bd4 23. Qe4 Bc5 24. Qe6 Bd4 25. Qe4 Bc5 1/2-1/2

[Event "OLNO 2223 SC Rotation Pankow - SV Empor"]
[Site "?"]
[Date "2023.01.15"]
[Round "4.6"]
[White "Bruchmann, Stephan"]
[Black "Dimitriadis, Pavlos"]
[Result "1/2-1/2"]
[WhiteElo "2202"]
[BlackElo "1987"]
[PlyCount "66"]
[EventDate "2023.??.??"]

1. e4 e5 2. Nf3 Nc6 3. Nc3 Nf6 4. Bb5 a6 5. Bxc6 dxc6 6. d3 Bc5 7. Be3 Qd6 8. Bxc5 Qxc5 9. h3 O-O 10. Qd2 Re8 11. Ne2 Be6 12. b4 Qd6 13. Qc3 Nd7 14. O-O f6 15. Nd2 c5 16. bxc5 Qxc5 17. Qb2 Qb5 18. Qc3 Qc5 19. Qb2 Qb5 20. Qc1 Nc5 21. f4 Rad8 22. fxe5 fxe5 23. Ng3 Qd7 24. Nf3 Rf8 25. Kh2 Qd6 26. Qg5 Nd7 27. Nh4 Rde8 28. Ngf5 Bxf5 29. Nxf5 Qf6 30. Qg4 Qg6 31. Qh4 Qf6 32. Qg3 Qg6 33. Qh4 Qf6 1/2-1/2

[Event "OLNO 2223 SC Rotation Pankow - SV Empor"]
[Site "?"]
[Date "2023.01.15"]
[Round "4.7"]
[White "Staerk, Elisa"]
[Black "Mueller, Michael"]
[Result "1/2-1/2"]
[WhiteElo "1912"]
[BlackElo "2231"]
[PlyCount "30"]
[EventDate "2023.??.??"]

1. d4 Nf6 2. Nf3 d5 3. c4 e6 4. Bg5 Be7 5. e3 Nbd7 6. Nc3 c6 7. Rc1 O-O 8. Bd3 dxc4 9. Bxc4 Nd5 10. Bxe7 Qxe7 11. O-O b6 12. Nxd5 exd5 13. Bd3 Bb7 14. Qa4 a5 15. Rfd1 Rac8 1/2-1/2

[Event "OLNO 2223 SC Rotation Pankow - SV Empor"]
[Site "?"]
[Date "2023.01.15"]
[Round "4.8"]
[White "Guth, Thomas"]
[Black "Freude, Max"]
[Result "1/2-1/2"]
[WhiteElo "2217"]
[BlackElo "1873"]
[PlyCount "66"]
[EventDate "2023.??.??"]

1. e4 c5 2. Nf3 Nc6 3. d4 cxd4 4. Nxd4 Nf6 5. Nc3 e5 6. Ndb5 d6 7. a4 a6 8. Na3 Bg4 9. f3 Be6 10. Be3 Rc8 11. Qd2 d5 12. exd5 Nxd5 13. Nxd5 Qxd5 14. Qxd5 Bxd5 15. c3 Na5 16. Bb6 Nb3 17. Rd1 Be6 18. a5 Bc5 19. Bc4 Ke7 20. Bxe6 Kxe6 21. Nc4 Rc6 22. Bxc5 Nxc5 23. O-O Nb3 24. Nd2 Nxa5 25. f4 Nc4 26. Nxc4 Rxc4 27. fxe5 Rhc8 28. Rd6+ Ke7 29. Rb6 R8c7 30. Re1 R4c6 31. Rb4 Rc4 32. Rb6 R4c6 33. Rb4 Rc4 1/2-1/2

[Event "OLNO 2223 Greifswalder SV - USC Viadrin"]
[Site "?"]
[Date "2023.01.15"]
[Round "4.1"]
[White "Galazewski, Tomasz"]
[Black "Stubbe, Wilko"]
[Result "1-0"]
[WhiteElo "2299"]
[BlackElo "2195"]
[PlyCount "83"]
[EventDate "2023.??.??"]

1. e4 e6 2. d3 d5 3. Nd2 c5 4. g3 Nf6 5. Bg2 Nc6 6. Ne2 Be7 7. O-O a5 8. a4 O-O 9. b3 Qc7 10. Bb2 dxe4 11. Nxe4 Nxe4 12. Bxe4 e5 13. Nc3 Be6 14. Nd5 Bxd5 15. Bxd5 Bd6 16. Qf3 Nb4 17. Bxb7 Ra7 18. Bd5 Nxc2 19. Rac1 Nb4 20. d4 Rd8 21. dxc5 Bxc5 22. Rfd1 Rf8 23. Qf5 Re8 24. Qxf7+ Qxf7 25. Bxf7+ Kxf7 26. Rxc5 e4 27. Bc3 Rb8 28. Rd4 Nd3 29. Rf5+ Kg6 30. g4 h6 31. Rxe4 Rxb3 32. Bxa5 Nb2 33. f3 Ra3 34. h4 Rxa4 35. h5+ Kh7 36. Bc3 Nc4 37. Rff4 Nb6 38. Rxa4 Nxa4 39. Bd4 Ra5 40. Rf7 Rg5 41. Ra7 Nc5 42. Bf6 1-0

[Event "OLNO 2223 Greifswalder SV - USC Viadrin"]
[Site "?"]
[Date "2023.01.15"]
[Round "4.2"]
[White "Stopsack, Malte"]
[Black "Lippert, Daniel"]
[Result "0-1"]
[WhiteElo "2189"]
[BlackElo "2009"]
[PlyCount "56"]
[EventDate "2023.??.??"]

1. e4 c5 2. Nc3 Nc6 3. Bb5 Nd4 4. Nf3 Nxb5 5. Nxb5 d5 6. exd5 a6 7. Nc3 Nf6 8. d4 Nxd5 9. dxc5 Nxc3 10. Qxd8+ Kxd8 11. bxc3 f6 12. Be3 Bg4 13. Nd2 e5 14. Nb3 a5 15. c6 Kc7 16. cxb7 Kxb7 17. a4 Be7 18. O-O Bf5 19. Ra2 Rhc8 20. Rb1 Kc6 21. Nd2 Kd7 22. Rb7+ Ke8 23. Nb1 Rcb8 24. Rb5 Bd7 25. Rxb8+ Rxb8 26. Nd2 Be6 27. Nb3 Bxb3 28. Rb2 Rd8 0-1

[Event "OLNO 2223 Greifswalder SV - USC Viadrin"]
[Site "?"]
[Date "2023.01.15"]
[Round "4.3"]
[White "Woithe, Daniel"]
[Black "Woll, Wilfried"]
[Result "1-0"]
[WhiteElo "2066"]
[BlackElo "2021"]
[PlyCount "91"]
[EventDate "2023.??.??"]

1. Nf3 d5 2. g3 c5 3. Bg2 Nc6 4. d4 cxd4 5. Nxd4 e5 6. Nxc6 bxc6 7. c4 Be6 8. Nc3 Bb4 9. Qa4 Bxc3+ 10. bxc3 Ne7 11. cxd5 Bxd5 12. e4 Be6 13. O-O O-O 14. Ba3 Re8 15. Rfd1 Qc8 16. Rd2 Qb7 17. Rb2 Qc7 18. Rab1 Bc8 19. Rd1 Bg4 20. f3 Bd7 21. Bd6 Qc8 22. Bxe5 Ng6 23. Bd6 h5 24. Qd4 Bh3 25. c4 Bxg2 26. Kxg2 a5 27. c5 Qe6 28. Rdd2 Rad8 29. Qa4 Ne5 30. Bxe5 Qxe5 31. Qxa5 Ra8 32. Qb4 Rab8 33. Qa3 f5 34. Rxb8 Rxb8 35. exf5 Qe1 36. Qd3 Rb1 37. Qe2 Qg1+ 38. Kh3 Re1 39. Qf2 Qh1 40. Qg2 Qxg2+ 41. Kxg2 Rc1 42. g4 Rxc5 43. Kg3 Rc3 44. Kf4 Kh7 45. Kg5 c5 46. Kxh5 1-0

[Event "OLNO 2223 Greifswalder SV - USC Viadrin"]
[Site "?"]
[Date "2023.01.15"]
[Round "4.4"]
[White "Hertel, Johannes"]
[Black "Noack, Thomas"]
[Result "1-0"]
[WhiteElo "1999"]
[BlackElo "1999"]
[PlyCount "45"]
[EventDate "2023.??.??"]

1. d4 d5 2. c4 c6 3. Nf3 Nf6 4. e3 a6 5. Bd3 e6 6. b3 Bd6 7. Bb2 O-O 8. O-O b6 9. Ne5 Bb7 10. Nd2 Nbd7 11. f4 c5 12. Qf3 cxd4 13. exd4 dxc4 14. Bxh7+ Kxh7 15. Qxb7 cxb3 16. axb3 Bxe5 17. fxe5 Nd5 18. Ba3 Rb8 19. Qxa6 Ne3 20. Qd3+ Nf5 21. Bxf8 Nxf8 22. Nf3 Kg8 23. Qe4 1-0

[Event "OLNO 2223 Greifswalder SV - USC Viadrin"]
[Site "?"]
[Date "2023.01.15"]
[Round "4.5"]
[White "Grabowski, Jan"]
[Black "Kalhorn, Stefan"]
[Result "1/2-1/2"]
[WhiteElo "1920"]
[BlackElo "2113"]
[PlyCount "37"]
[EventDate "2023.??.??"]

1. d4 d5 2. c4 e6 3. Nc3 Nf6 4. Bg5 Be7 5. e3 O-O 6. cxd5 Nxd5 7. Bxe7 Qxe7 8. Bd3 c5 9. Nxd5 exd5 10. dxc5 Nc6 11. Ne2 Qxc5 12. a3 Bg4 13. O-O Rad8 14. b4 Qb6 15. h3 Bxe2 16. Qxe2 d4 17. exd4 Nxd4 18. Qe4 g6 19. Rad1 1/2-1/2

[Event "OLNO 2223 Greifswalder SV - USC Viadrin"]
[Site "?"]
[Date "2023.01.15"]
[Round "4.6"]
[White "Lange, Jannis"]
[Black "Mueller, Thorsten"]
[Result "1-0"]
[WhiteElo "2094"]
[BlackElo "1992"]
[PlyCount "79"]
[EventDate "2023.??.??"]

1. e4 c6 2. d4 d5 3. Nc3 dxe4 4. Nxe4 Bf5 5. Ng3 Bg6 6. N1e2 e5 7. dxe5 Qa5+ 8. c3 Nd7 9. e6 fxe6 10. Nf4 O-O-O 11. Nxg6 hxg6 12. Qc2 Qe5+ 13. Qe4 Ngf6 14. Qxe5 Nxe5 15. Bf4 Nd3+ 16. Bxd3 Rxd3 17. Ne2 Bc5 18. Nc1 Rd5 19. Nb3 Bb6 20. O-O Re8 21. Rae1 a5 22. a4 Nd7 23. Re2 Nc5 24. Nxc5 Bxc5 25. Be5 Re7 26. h4 Kd7 27. Rfe1 Bd6 28. c4 Rd3 29. Re3 Rxe3 30. Rxe3 Bxe5 31. Rxe5 Kd6 32. Rxa5 e5 33. Kf1 Rf7 34. Ke2 Rf4 35. b3 Rxh4 36. Ra7 Kc7 37. Ra8 Rh1 38. Rg8 Rb1 39. Rxg7+ Kb6 40. c5+ 1-0

[Event "OLNO 2223 Greifswalder SV - USC Viadrin"]
[Site "?"]
[Date "2023.01.15"]
[Round "4.7"]
[White "Ketelhoehn, Bernd"]
[Black "Patzenhauer, Max"]
[Result "1/2-1/2"]
[WhiteElo "1918"]
[BlackElo "2005"]
[PlyCount "119"]
[EventDate "2023.??.??"]

1. d4 g6 2. e4 d6 3. Nc3 Bg7 4. Nf3 Nf6 5. Be2 c6 6. a4 O-O 7. O-O Qc7 8. h3 e5 9. dxe5 dxe5 10. Bc4 Nbd7 11. Be3 Re8 12. Ng5 Re7 13. a5 Nf8 14. Bc5 Rd7 15. Qe2 h6 16. Nf3 Nh5 17. g3 Rd8 18. Kg2 Ne6 19. Bxe6 Bxe6 20. Rfd1 Rxd1 21. Nxd1 Nf6 22. Nc3 Nd7 23. Be3 a6 24. Nd2 Qd6 25. Nc4 Qb4 26. Ra4 Qe7 27. Qd2 Bxc4 28. Rxc4 Kh7 29. Na4 Rd8 30. Qb4 Qe6 31. Rc3 Rb8 32. Rd3 Bf8 33. Qd2 Nf6 34. f3 Qc4 35. b3 Qb4 36. Qxb4 Bxb4 37. Bb6 Re8 38. c3 Bf8 39. Nb2 Re6 40. Nc4 Ne8 41. Rd7 Re7 42. Rxe7 Bxe7 43. Nxe5 Kg7 44. Nd3 Kf6 45. f4 Ke6 46. Kf3 Nf6 47. Bc5 Bd8 48. b4 Nd7 49. Bd4 Be7 50. g4 f5 51. gxf5+ gxf5 52. Bc5 Bd8 53. exf5+ Kxf5 54. Bd4 Bc7 55. Be5 Bd8 56. Bd4 Bc7 57. Be5 Bd8 58. Bd4 Bc7 59. Be5 Bd8 60. Bd4 1/2-1/2

[Event "OLNO 2223 SC Kreuzberg - SK König Tege"]
[Site "?"]
[Date "2023.01.15"]
[Round "4.1"]
[White "Jahnz, Fabian"]
[Black "Glek, Igor"]
[Result "1/2-1/2"]
[WhiteElo "2276"]
[BlackElo "2442"]
[PlyCount "62"]
[EventDate "2023.??.??"]

1. e4 e6 2. d4 d5 3. exd5 exd5 4. Nf3 Nf6 5. Bd3 Bg4 6. h3 Bh5 7. O-O Be7 8. Re1 O-O 9. Bg5 Nbd7 10. Nbd2 Re8 11. Nf1 Ne4 12. Bxe7 Qxe7 13. Ng3 Bg6 14. Nd2 Ndf6 15. f3 Qd6 16. fxe4 Qxg3 17. e5 Nh5 18. Qf3 Qxf3 19. Nxf3 Bxd3 20. cxd3 Nf4 21. Red1 a5 22. g3 Ne6 23. Rac1 Ra6 24. Kf2 Rb6 25. Rc2 Rb4 26. Ke3 f6 27. Rb1 c6 28. a3 Nxd4 29. Nxd4 Rxe5+ 30. Kf2 Rxd4 31. b4 axb4 1/2-1/2

[Event "OLNO 2223 SC Kreuzberg - SK König Tege"]
[Site "?"]
[Date "2023.01.15"]
[Round "4.2"]
[White "Glantz, Robert"]
[Black "Rosmann, Ilja"]
[Result "1-0"]
[WhiteElo "2346"]
[BlackElo "2310"]
[PlyCount "113"]
[EventDate "2023.??.??"]

1. b3 d5 2. Bb2 c5 3. e3 a6 4. Nf3 Nc6 5. d4 Nf6 6. dxc5 Qa5+ 7. Nbd2 Bg4 8. a3 Qxc5 9. b4 Bxf3 10. gxf3 Qd6 11. c4 dxc4 12. Nxc4 Qe6 13. Qc2 Rd8 14. Rd1 Rxd1+ 15. Qxd1 g6 16. Nd2 Bh6 17. Qb3 Qd7 18. Qd3 Qc8 19. Bg2 O-O 20. O-O Rd8 21. Qc3 Bg7 22. Ne4 Ne8 23. Qb3 Ne5 24. Rc1 Qf5 25. Bxe5 Qxe5 26. Nc5 Nd6 27. f4 Qb2 28. Rb1 Qxb3 29. Rxb3 b6 30. Nxa6 Nc4 31. Bf1 Rd1 32. Rd3 Rxd3 33. Bxd3 Nxa3 34. b5 e5 35. fxe5 Bxe5 36. Nb4 Bd6 37. Nd5 Bc5 38. Kg2 Kf8 39. f4 Ke8 40. Kf3 h5 41. Ke4 Kf8 42. Ke5 Kg7 43. h3 f6+ 44. Ke6 f5 45. h4 Kh6 46. Kf6 Kh7 47. Kf7 Kh6 48. Kg8 Bd6 49. Nxb6 Nxb5 50. Bxb5 Be7 51. Nd5 Bxh4 52. Kf7 Bf2 53. Bf1 h4 54. Bh3 Kh5 55. Kf6 Be1 56. Kg7 g5 57. Nf6# 1-0

[Event "OLNO 2223 SC Kreuzberg - SK König Tege"]
[Site "?"]
[Date "2023.01.15"]
[Round "4.3"]
[White "Acikel, Mert"]
[Black "Strache, Michael"]
[Result "1/2-1/2"]
[WhiteElo "2242"]
[BlackElo "2290"]
[PlyCount "52"]
[EventDate "2023.??.??"]

1. e4 Nf6 2. e5 Nd5 3. d4 d6 4. c4 Nb6 5. exd6 exd6 6. Nc3 Be7 7. Bd3 Nc6 8. Nge2 O-O 9. O-O Nb4 10. Bb1 Bg4 11. b3 Re8 12. a3 Bxe2 13. Nxe2 Nc6 14. Qd3 g6 15. b4 Bf6 16. b5 Na5 17. Ba2 a6 18. bxa6 Rxa6 19. Rb1 Nc6 20. Be3 Qa8 21. c5 dxc5 22. dxc5 Ne5 23. Qc2 Rxa3 24. Bxf7+ Nxf7 25. cxb6 c6 26. Rbd1 Rd8 1/2-1/2

[Event "OLNO 2223 SC Kreuzberg - SK König Tege"]
[Site "?"]
[Date "2023.01.15"]
[Round "4.4"]
[White "Maetzkow, Maximilian Paul"]
[Black "Dimitrijeski, Boris"]
[Result "1/2-1/2"]
[WhiteElo "2281"]
[BlackElo "2221"]
[PlyCount "55"]
[EventDate "2023.??.??"]

1. Nf3 d5 2. e3 Nf6 3. c4 c6 4. Nc3 e6 5. b3 Bd6 6. Bb2 O-O 7. Qc2 e5 8. cxd5 cxd5 9. Nb5 Nc6 10. Nxd6 Qxd6 11. Be2 Bg4 12. h3 Bh5 13. d3 Rfc8 14. Rc1 Ne7 15. Qd2 Rxc1+ 16. Bxc1 Rc8 17. O-O Nc6 18. Bb2 d4 19. Rc1 dxe3 20. Qxe3 Re8 21. Qc5 Qb8 22. g4 Bg6 23. Nh4 e4 24. Nxg6 hxg6 25. Bxf6 gxf6 26. dxe4 Rxe4 27. Bf3 Re6 28. Bxc6 1/2-1/2